[Event "New Delhi Parsvnath blitz op 18th"]
[Site "New Delhi"]
[Date "2020.01.14"]
[Round "3"]
[White "Chilukuri, Sai Varshith"]
[Black "Jayachandra, Srinivas Vellanki"]
[Result "0-1"]
[WhiteElo "2045"]
[BlackElo "1944"]
[PlyCount "69"]
[EventDate "2020.01.14"]
[EventType "swiss (blitz)"]
[EventRounds "9"]
[EventCountry "IND"]
[SourceTitle "CBM 194 Extra"]
[Source "ChessBase"]
[SourceDate "2020.03.31"]
[SourceVersion "1"]
[SourceVersionDate "2020.03.31"]
[SourceQuality "1"]

1. d4 e6 2. Nf3 f5 3. g3 Nf6 4. Bg2 d6 5. 0-0 Be7 6. c4 0-0 7. Nc3 Ne4 8. Qc2 Nxc3 9. Qxc3 Bf6 10. Qc2 Nc6 11. Rd1 a5 12. a3 Qe7 13. e4 e5 14. d5 Nb8 15. exf5 Na6 16. Be3 Bd7 17. g4 e4 18. Nd2 g6 19. Nxe4 gxf5 20. Nxf6+ Qxf6 21. g5 Qg7 22. f4 Rae8 23. Bd4 Qf7 24. Bf3 Nc5 25. Bxc5 dxc5 26. a4 Re3 27. Qf2 Rfe8 28. Re1 Rxe1+ 29. Rxe1 Bxa4 30. Rxe8+ Qxe8 31. Qxc5 Qe1+ 32. Kg2 Qd2+ 33. Kg3 Bd1 34. Qf2 Qd3 35. c5 0-1

[Event "New Delhi Parsvnath blitz op 18th"]
[Site "New Delhi"]
[Date "2020.01.14"]
[Round "8"]
[White "Jayachandra, Srinivas Vellanki"]
[Black "Vaibhav, Jayant Raut"]
[Result "1-0"]
[WhiteElo "1944"]
[BlackElo "1969"]
[PlyCount "77"]
[EventDate "2020.01.14"]
[EventType "swiss (blitz)"]
[EventRounds "9"]
[EventCountry "IND"]
[SourceTitle "CBM 194 Extra"]
[Source "ChessBase"]
[SourceDate "2020.03.31"]
[SourceVersion "1"]
[SourceVersionDate "2020.03.31"]
[SourceQuality "1"]

1. e4 c5 2. c3 Nf6 3. e5 Nd5 4. d4 cxd4 5. Nf3 Nc6 6. cxd4 d6 7. Bc4 e6 8. 0-0 Be7 9. Qe2 0-0 10. Nc3 dxe5 11. dxe5 Nxc3 12. bxc3 Qa5 13. Qe4 Rd8 14. Bg5 h6 15. Bf4 Qa4 16. Qe2 Bd7 17. g3 Na5 18. Bd3 Bc6 19. Nd4 Bd5 20. Qg4 Kh8 21. Bb5 Qa3 22. Rfc1 Rac8 23. Qh5 Kg8 24. Qg4 Kh8 25. Qh5 Rf8 26. Bxh6 gxh6 27. Qxh6+ Kg8 28. Bd3 f5 29. exf6 Rxf6 30. Qh7+ Kf8 31. Qh8+ Kf7 32. Qxc8 Qb2 33. Rf1 Qd2 34. Bh7 Kg7 35. Qg8+ Kh6 36. h4 Nc6 37. Rad1 Qxc3 38. Nxc6 Qf3 39. Rxd5 1-0

[Event "Wch U16"]
[Site "Mumbai"]
[Date "2019.10.06"]
[Round "6"]
[White "Jayachandra, Srinivas Vellanki"]
[Black "Cardoso Cardoso, Jose Gabriel"]
[Result "0-1"]
[WhiteElo "1967"]
[BlackElo "2313"]
[PlyCount "91"]
[EventDate "2019.10.02"]
[EventType "swiss"]
[EventRounds "11"]
[EventCountry "IND"]
[SourceTitle "EXT 2020"]
[Source "ChessBase"]
[SourceDate "2019.10.17"]
[SourceVersion "1"]
[SourceVersionDate "2019.10.17"]
[SourceQuality "1"]

1. d4 Nf6 2. c4 e6 3. Nf3 b6 4. g3 Ba6 5. Qc2 Bb7 6. Bg2 c5 7. 0-0 cxd4 8. Nxd4 Bxg2 9. Kxg2 Qc7 10. b3 Be7 11. Bb2 0-0 12. Nc3 d6 13. Rfd1 Nbd7 14. e4 a6 15. Qe2 Qb7 16. f3 Rfe8 17. Rd2 Bf8 18. Rad1 Rec8 19. Nc2 Rab8 20. Ba3 Ne8 21. Bb4 Qa8 22. Nd4 b5 23. cxb5 a5 24. Bxd6 Bxd6 25. Nc6 Rxc6 26. bxc6 Qxc6 27. Qc4 Qxc4 28. bxc4 Ne5 29. Rxd6 Nxd6 30. Rxd6 Rb2+ 31. Kf1 g5 32. f4 Nxc4 33. Rd8+ Kg7 34. fxg5 Rxh2 35. Rc8 Ne3+ 36. Ke1 Rc2 37. Rc5 Kg6 38. a4 Kh5 39. e5 Kg4 40. Ne4 Kf3 41. Nd2+ Kxg3 42. Rb5 Nd5 43. Rxa5 Nc3 44. Nb3 Re2+ 45. Kf1 Rb2 46. Rc5 0-1

[Event "Wch U16"]
[Site "Mumbai"]
[Date "2019.10.02"]
[Round "1"]
[White "Raja, Rithvik R"]
[Black "Jayachandra, Srinivas Vellanki"]
[Result "1-0"]
[WhiteElo "2369"]
[BlackElo "1967"]
[PlyCount "49"]
[EventDate "2019.10.02"]
[EventType "swiss"]
[EventRounds "11"]
[EventCountry "IND"]
[SourceTitle "EXT 2020"]
[Source "ChessBase"]
[SourceDate "2019.10.17"]
[SourceVersion "1"]
[SourceVersionDate "2019.10.17"]
[SourceQuality "1"]

1. Nf3 Nf6 2. c4 g6 3. g3 Bg7 4. Bg2 0-0 5. d4 d6 6. Nc3 Nbd7 7. 0-0 e5 8. e4 exd4 9. Nxd4 Re8 10. h3 Nc5 11. Re1 a5 12. Qc2 Nfxe4 13. Nxe4 Nxe4 14. Rxe4 Bxd4 15. Rxd4 Re1+ 16. Kh2 Bf5 17. Qc3 Re2 18. Rd2 Re8 19. b3 f6 20. Bb2 Rf8 21. Bxb7 Rb8 22. Bd5+ Kg7 23. Qxa5 h5 24. Re1 Qd7 25. Rde2 1-0

[Event "Madurai Athens of the East op 1st"]
[Site "Madurai"]
[Date "2019.08.18"]
[Round "10"]
[White "Jayachandra, Srinivas Vellanki"]
[Black "Rathnakaran, Kantholi"]
[Result "1/2-1/2"]
[WhiteElo "2046"]
[BlackElo "2337"]
[PlyCount "96"]
[EventDate "2019.08.11"]
[EventType "swiss"]
[EventRounds "10"]
[EventCountry "IND"]
[SourceTitle "CBM 191 Extra"]
[Source "ChessBase"]
[SourceDate "2019.09.30"]
[SourceVersion "1"]
[SourceVersionDate "2019.09.30"]
[SourceQuality "1"]

1. d4 g6 2. c4 Bg7 3. Nc3 d6 4. e4 Nc6 5. Be3 e5 6. d5 Nce7 7. Nge2 f5 8. f3 Nf6 9. h3 0-0 10. Qd2 c6 11. g4 cxd5 12. cxd5 f4 13. Bf2 Bd7 14. Nc1 a6 15. a4 Rc8 16. Be2 h5 17. g5 Nh7 18. h4 Rf7 19. Nb3 Bf8 20. a5 Qe8 21. 0-0 Rb8 22. Rfc1 Nc8 23. Qd1 Be7 24. Nd2 Bxg5 25. hxg5 Nxg5 26. Kf1 Nh3 27. Bd3 Qd8 28. Qe1 g5 29. Ke2 g4 30. Bh4 Qe8 31. Kd1 g3 32. Nc4 Rg7 33. Ne2 Ba4+ 34. Kd2 b6 35. Rc3 bxa5 36. Qc1 Bb5 37. b3 a4 38. bxa4 Bxa4 39. Qa3 Bb5 40. Nxd6 Nxd6 41. Qxd6 Bxd3 42. Kxd3 Rb2 43. Rc6 Nf2+ 44. Kc3 Rgb7 45. Raxa6 Nd1+ 46. Kd3 Nf2+ 47. Kc3 Nd1+ 48. Kd3 Nf2+ 1/2-1/2

[Event "Madurai Athens of the East op 1st"]
[Site "Madurai"]
[Date "2019.08.14"]
[Round "6"]
[White "Jayachandra, Srinivas Vellanki"]
[Black "Prasannaa, S."]
[Result "0-1"]
[WhiteElo "2046"]
[BlackElo "2237"]
[PlyCount "126"]
[EventDate "2019.08.11"]
[EventType "swiss"]
[EventRounds "10"]
[EventCountry "IND"]
[SourceTitle "CBM 191 Extra"]
[Source "ChessBase"]
[SourceDate "2019.09.30"]
[SourceVersion "1"]
[SourceVersionDate "2019.09.30"]
[SourceQuality "1"]

1. d4 a6 2. c4 b5 3. b3 Nf6 4. Nf3 e6 5. e3 bxc4 6. bxc4 Bb7 7. Be2 c5 8. 0-0 cxd4 9. exd4 d6 10. Nc3 Nbd7 11. a4 Be7 12. a5 0-0 13. Re1 Ne4 14. Nxe4 Bxe4 15. Bf1 Bg6 16. Ba3 Qc7 17. d5 Bh5 18. dxe6 fxe6 19. Rxe6 Ne5 20. Be2 Nxf3+ 21. gxf3 Rfd8 22. Bb2 Bf7 23. Qd4 Bf8 24. Re4 d5 25. Rf4 dxc4 26. Rxf7 Qxf7 27. Bxc4 Rxd4 28. Bxf7+ Kxf7 29. Bxd4 Rd8 30. Bb6 Rc8 31. Kg2 Ke6 32. Rd1 Bd6 33. Bd4 g6 34. Rb1 Rc4 35. Be3 Rb4 36. Rc1 Kd7 37. Rd1 Kc6 38. Rc1+ Kb5 39. Bb6 Rh4 40. h3 Bb4 41. Rb1 Rh5 42. Kg3 Ka4 43. Ra1+ Kb3 44. Rb1+ Kc3 45. Ra1 Kb2 46. Bd4+ Kb3 47. Bb6 Bc3 48. Rb1+ Kc2 49. Rf1 Bxa5 50. Bxa5 Rxa5 51. Re1 Rh5 52. f4 a5 53. Re5 Rf5 54. Re7 a4 55. Ra7 Kb3 56. Rxh7 a3 57. Ra7 a2 58. Kg4 Rb5 59. h4 Kb2 60. f5 Rxf5 61. Rb7+ Kc3 62. Ra7 Kb3 63. Rb7+ Ka4 0-1

[Event "Gujarat op 1st"]
[Site "Ahmedabad"]
[Date "2018.10.11"]
[Round "9"]
[White "Jayachandra, Srinivas Vellanki"]
[Black "Saurabh, Anand"]
[Result "1/2-1/2"]
[WhiteElo "2011"]
[BlackElo "2303"]
[PlyCount "62"]
[EventDate "2018.10.05"]
[EventType "swiss"]
[EventRounds "10"]
[EventCountry "IND"]
[SourceTitle "CBM 186 Extra"]
[Source "ChessBase"]
[SourceDate "2018.08.24"]
[SourceVersion "1"]
[SourceVersionDate "2018.08.24"]
[SourceQuality "1"]

1. b3 e5 2. Bb2 Nc6 3. e3 Nf6 4. Bb5 Bd6 5. Ne2 a6 6. Bxc6 dxc6 7. 0-0 0-0 8. f4 exf4 9. Nxf4 Nd5 10. Nxd5 cxd5 11. Qh5 Be6 12. Nc3 c6 13. Ne2 f6 14. Nf4 Qd7 15. Nxe6 Qxe6 16. Rf3 Rf7 17. Raf1 Raf8 18. Qf5 Qxf5 19. Rxf5 Be5 20. Bxe5 fxe5 21. Rxf7 Rxf7 22. Rxf7 Kxf7 23. d4 Kf6 24. Kf2 Kf5 25. Kf3 h5 26. h4 a5 27. a3 b6 28. c3 b5 29. a4 g6 30. g3 e4+ 31. Kf2 Kf6 1/2-1/2

[Event "Gujarat op 1st"]
[Site "Ahmedabad"]
[Date "2018.10.06"]
[Round "2"]
[White "Kushagra, Mohan"]
[Black "Jayachandra, Srinivas Vellanki"]
[Result "1-0"]
[WhiteElo "2283"]
[BlackElo "2011"]
[PlyCount "85"]
[EventDate "2018.10.05"]
[EventType "swiss"]
[EventRounds "10"]
[EventCountry "IND"]
[SourceTitle "CBM 186 Extra"]
[Source "ChessBase"]
[SourceDate "2018.08.24"]
[SourceVersion "1"]
[SourceVersionDate "2018.08.24"]
[SourceQuality "1"]

1. e4 e6 2. d4 d5 3. Nd2 Be7 4. Ngf3 Nf6 5. e5 Nfd7 6. Bd3 c5 7. c3 Nc6 8. 0-0 a5 9. a4 cxd4 10. cxd4 Nb4 11. Bb5 0-0 12. Re1 Nb6 13. Nb1 Bd7 14. Nc3 Bxb5 15. axb5 Qd7 16. b3 Rfc8 17. Bd2 Rc7 18. Re3 Nc8 19. g3 b6 20. Ne1 Na7 21. Qe2 f6 22. Rd1 Rac8 23. Na4 Qxb5 24. exf6 Bxf6 25. Qg4 Re7 26. Bxb4 Qxb4 27. Nd3 Qxb3 28. Ndc5 Qc2 29. Nxb6 Rce8 30. Red3 g6 31. Nbd7 Bg7 32. h4 Rf7 33. R1d2 Qc1+ 34. Kg2 Nc6 35. Re2 e5 36. dxe5 Nxe5 37. Nxe5 Bxe5 38. Rxd5 Rfe7 39. h5 Kg7 40. Nd3 Qc6 41. Qf3 Bc7 42. Rxe7+ Rxe7 43. h6+ 1-0

[Event "Mumbai Wealth op 3rd"]
[Site "Mumbai"]
[Date "2018.01.02"]
[Round "4"]
[White "Jayachandra, Srinivas Vellanki"]
[Black "Aradhya, Garg"]
[Result "0-1"]
[WhiteElo "1834"]
[BlackElo "2289"]
[PlyCount "114"]
[EventDate "2017.12.30"]
[EventType "swiss"]
[EventRounds "9"]
[EventCountry "IND"]
[SourceTitle "CBM 182 Extra"]
[Source "ChessBase"]
[SourceDate "2018.02.23"]
[SourceVersion "1"]
[SourceVersionDate "2018.02.23"]
[SourceQuality "1"]

1. d4 d5 2. c4 c6 3. Nc3 Nf6 4. Nf3 e6 5. Bg5 Nbd7 6. Qc2 Qa5 7. Bd2 Bb4 8. a3 dxc4 9. Rd1 Bxc3 10. Bxc3 Qf5 11. Qxf5 exf5 12. g3 0-0 13. Bg2 Re8 14. Ne5 Nb6 15. e3 Be6 16. 0-0 Ne4 17. Ba5 f6 18. Nf3 Na4 19. Rb1 b6 20. Be1 Bd5 21. Nd2 Nd6 22. Bf3 b5 23. Bxd5+ cxd5 24. Nf3 Ne4 25. Ba5 Rac8 26. Rfc1 Kf7 27. Rc2 g5 28. Ne1 Nb6 29. Kg2 Nd7 30. Bb4 Ke6 31. Rcc1 Nb8 32. Nc2 Nc6 33. Be1 a5 34. Kf3 h5 35. b4 a4 36. Ke2 g4 37. Bd2 Nd8 38. h4 Nf7 39. Rf1 Nfd6 40. Ra1 Kd7 41. Kd1 c3 42. Bc1 Nc4 43. Ke2 Ncd2 44. Rg1 Nf3 45. Rf1 f4 46. gxf4 Nxh4 47. Ne1 Nf5 48. Kd3 g3 49. fxg3 Nfxg3 50. Rf3 c2 51. Bd2 c1Q 52. Rxc1 Rxc1 53. Bxc1 h4 54. Bd2 h3 55. Rxg3 Nxg3 56. Nf3 Ne4 57. Ke2 Nxd2 0-1

[Event "Chennai op 9th"]
[Site "Chennai"]
[Date "2017.01.24"]
[Round "9"]
[White "Jayachandra, Srinivas Vellanki"]
[Black "Chakravarthi, YVK"]
[Result "1/2-1/2"]
[WhiteElo "1714"]
[BlackElo "2047"]
[PlyCount "63"]
[EventDate "2017.01.18"]
[EventType "swiss"]
[EventRounds "10"]
[EventCountry "IND"]
[SourceTitle "CBM 176 Extra"]
[Source "ChessBase"]
[SourceDate "2017.03.02"]
[SourceVersion "1"]
[SourceVersionDate "2017.03.02"]
[SourceQuality "1"]

1. d4 d5 2. c4 c6 3. Nc3 a6 4. a4 Nf6 5. Nf3 g6 6. e3 Bg7 7. Bd3 0-0 8. 0-0 a5 9. cxd5 Nxd5 10. Nxd5 cxd5 11. Bd2 Qb6 12. Bc3 Nc6 13. Bb5 Bg4 14. h3 Bxf3 15. Qxf3 e6 16. Rac1 Rfc8 17. Rfd1 Bf8 18. Qe2 Na7 19. Qd3 Nxb5 20. Qxb5 Qxb5 21. axb5 b6 22. Kf1 f5 23. Bd2 Kf7 24. Rxc8 Rxc8 25. Rc1 Rxc1+ 26. Bxc1 Bb4 27. Ke2 Kf6 28. Bd2 Bxd2 29. Kxd2 g5 30. g3 h6 31. f4 g4 32. h4 1/2-1/2

[Event "Chennai op 9th"]
[Site "Chennai"]
[Date "2017.01.19"]
[Round "3"]
[White "Jayachandra, Srinivas Vellanki"]
[Black "Sa, Kannan"]
[Result "1/2-1/2"]
[WhiteElo "1714"]
[BlackElo "1985"]
[PlyCount "47"]
[EventDate "2017.01.18"]
[EventType "swiss"]
[EventRounds "10"]
[EventCountry "IND"]
[SourceTitle "CBM 176 Extra"]
[Source "ChessBase"]
[SourceDate "2017.03.02"]
[SourceVersion "1"]
[SourceVersionDate "2017.03.02"]
[SourceQuality "1"]

1. d4 d5 2. c4 e6 3. Nc3 Nf6 4. Nf3 Nbd7 5. cxd5 exd5 6. Bg5 c6 7. e3 Qa5 8. Bd3 Ne4 9. Qc2 Nxg5 10. Nxg5 h6 11. Nf3 Bd6 12. 0-0 Nf6 13. h3 0-0 14. a3 Re8 15. b4 Qd8 16. Rab1 a5 17. b5 c5 18. dxc5 Bxc5 19. a4 b6 20. Ne2 Ne4 21. Ned4 Qf6 22. Rbc1 Bb7 23. Qa2 Rac8 24. Nc6 1/2-1/2